书目信息 |
| 题名: |
有机人名反应集
|
|
| 作者: | 乌锡康 编 | |
| 分册: | 第一册 | |
| 出版信息: | 北京 化学工业出版社 1984 |
|
| 页数: | 578页 | |
| 开本: | 20cm | |
| 丛书名: | ||
| 单 册: | ||
| 中图分类: | O621.25 | |
| 科图分类: | ||
| 主题词: | 有机化学-化学反应 , 化学反应-有机化学 | |
| 电子资源: | ||
| ISBN: | ||
| 000 | 00656nam0 2200229 45 | |
| 001 | 0184001744 | |
| 005 | 20051220150632.78 | |
| 010 | @dCNY2.85 | |
| 100 | @a19951109d1984 em y0chiy0121 ea | |
| 101 | 0 | @achi |
| 102 | @aCN@b110000 | |
| 105 | @ay z 000yy | |
| 200 | 10 | @a有机人名反应集@Ayou ji ren ming fan ying ji@h第一册@f乌锡康等编@Fwu xi kang deng bian |
| 210 | @a北京@c化学工业出版社@d1984 | |
| 215 | @a578页@d20cm | |
| 606 | @a有机化学-化学反应 | |
| 606 | @a化学反应-有机化学 | |
| 690 | @aO621.25@v3 | |
| 701 | 0 | @a乌锡康@4编@Awu xi kang |
| 801 | 2 | @aCN@bNLC@c20051220 |
| 801 | 0 | @aCN@b深圳图书馆@c20040524 |
| 905 | @dO621.25@e17:1@f1@b126406 | |
| 有机人名反应集.第一册/乌锡康等编.-北京:化学工业出版社,1984 |
| 578页;20cm |
| ISBN :CNY2.85 |
| ● |
| 相关链接 |
|
|
|
|
正题名:有机人名反应集
索取号:O621.25/17:1
 
预约/预借
| 序号 | 登录号 | 条形码 | 馆藏地/架位号 | 状态 | 备注 |
| 1 | 0126400 | 000411655 | 密集书库/ [索取号:O621.25/17:1] | 在馆 | |
| 2 | 0126401 | 000699514 | 密集书库/ [索取号:O621.25/17:1] | 在馆 | |
| 3 | 0126402 | 202178348 | 密集书库/ [索取号:O621.25/17:1] | 在馆 | |
| 4 | 0126403 | 202178570 | 密集书库/ [索取号:O621.25/17:1] | 在馆 | |
| 5 | 0126404 | 000699453 | 第三借阅区/ [索取号:O621.25/17:1] | 在馆 | |
| 6 | 0126405 | 000411682 | 密集书库/ [索取号:O621.25/17:1] | 在馆 | |
| 7 | 0126406 | 001964636 | 密集书库/ [索取号:O621.25/17:1] | 在馆 | |
| 8 | 0126407 | 000411691 | 密集书库/ [索取号:O621.25/17:1] | 在馆 | |
| 9 | 0126408 | 202178758 | 密集书库/ [索取号:O621.25/17:1] | 在馆 | |
| 10 | 0126409 | 202449056 | 第二样本阅览室/ [索取号:O621.25/17:1] | 在馆 |